02924cam a22003615a 45000010009000000050017000090080041000260100017000670200025000840200022001090400033001310430012001640820024001761000062002002450063002622500012003252600053003373000021003905000054004115000024004655040031004895050899005205200748014195900011021676500059021786510010022376530025022476530025022728560076022979420028023739990017024019520144024181504011520161102142845.0071011s2009 xxc frb 001 0 eng d a 2006905987 a9781551118123 (pbk.) a1551118122 (pbk.) aDLCbengcDLCdDLCdEG-ScBUE an-cn---04222a302.230971bNES1 aNesbitt-Larking, Paul W.q(Paul Wingfield),d1954-93865510aPolitics, society, and the media /cPaul Nesbitt-Larking. a2nd ed. aOntario :bUniversity of Toronto Press,cc.2009. a406 p. ;c23 cm. aFirst published : Ontario: Broadview Press, 2001. aIndex : p. 395-406. aBibliography : p. 375-393. a1. Why? How? What? -- 2. Press gangs : the role of the newspaper in Canadian political life -- 3. The masses and the Masseys : the political history of broadcasting in Canada -- 4. The good, the bad, and the ugly : culture, ideology, and the media -- 5. (Almost) everywhere they are in chains : the political economy of communications in Canada -- 6. Sticks, carrots, and party favours : state and political regulation of the media -- 7. Life in the sausage factory : possibilities and constraints of media organizations -- 8. The decline and fall of the American empire : space and time in the work of Innis, Grant, and McLuhan -- 9. Mass rallies, mass consumption, and (mass) confusion : approaches to the media in the postmodern world -- 10. Drums and wires: the political deconstruction of Canadian texts -- 11. Moving voters, moving accounts, and moving wallpaper: the politics of reading. a"Politics, Society, and the Media is the first comprehensive political sociology of the media to be published in Canada. Paul Nesbitt-Larking draws upon a range of disciplines, including cultural and media studies, political economy, social theory and political science to provide an analysis of the relationship between power and representation in Canada." "In addition to standard topics on politics and the media, this new edition offers much more: an examination of the media on the politics of gender and aboriginal peoples, the micro-politics of the media workplace, and an exploration of important media-related considerations. Throughout, reference is made to relevant and compelling issues placed within the context of media theory."- aWessam 7aMass media xPolitical aspects zCanada.2BUEsh941648 2BUEsh bBUSBOLcNovember2016 bCOMAMEcNovember2016413Table of contentsuhttp://www.loc.gov/catdir/toc/fy0801/2006905987.html 2ddce22k302.230971 NES c23004d22976 00102ddc40708BaccahaMAINbMAINc1STd2016-11-02ePurchaseg402.00h3634l0o302.230971 NESp000034500r2025-07-15 00:00:00v502.50yBB